Índice y extractos del Libro Horadado del Concejo Madrileño (Record no. 104391)

MARC details
000 -LEADER
campo de control de longitud fija 00872nam a2200229 i 4500
001 - NÚMERO DE CONTROL
campo de control 104391
003 - IDENTIFICADOR DE NÚMERO DE CONTROL
campo de control ES-MaACL
005 - FECHA Y HORA DE LA ÚLTIMA TRANSACCIÓN
campo de control 20230906183605.0
007 - CAMPO FIJO DE DESCRIPCIÓN FÍSICA--INFORMACIÓN GENERAL
campo de control de longitud fija t|
008 - DATOS DE LONGITUD FIJA--INFORMACIÓN GENERAL
campo de control de longitud fija 051129s1927 sp |||| | spa d
100 1# - ENTRADA PRINCIPAL--NOMBRE DE PERSONA
Nombre de persona Millares Carlo, Agustín,
Fechas asociadas al nombre 1893-1980
9 (RLIN) 81176
245 10 - MENCIÓN DEL TÍTULO
Título Índice y extractos del Libro Horadado del Concejo Madrileño
Resto del título : (siglos XV-XVI) /
Mención de responsabilidad, etc. por Agustín Millares Carlo.
250 ## - MENCION DE EDICION
Mención de edición 2ª ed.
260 ## - PUBLICACIÓN, DISTRIBUCIÓN, ETC.
Lugar de publicación, distribución, etc. Madrid :
Nombre del editor, distribuidor, etc. [s.n.],
Fecha de publicación, distribución, etc. 1927 (
Fabricante Imp. Municipal)
300 ## - DESCRIPCIÓN FÍSICA
Extensión 92 p. ;
Dimensiones 24 cm.
490 1# - MENCIÓN DE SERIE
Mención de serie Publicaciones de la Revista de la Biblioteca, Archivo y Museo ;
Designación de volumen o secuencia 2
651 #4 - PUNTO DE ACCESO ADICIONAL DE MATERIA--NOMBRE GEOGRÁFICO
Nombre geográfico Madrid-
Subdivisión general Historia-
Subdivisión cronológica S.XVI.
9 (RLIN) 8970
651 #4 - PUNTO DE ACCESO ADICIONAL DE MATERIA--NOMBRE GEOGRÁFICO
Nombre geográfico Madrid-
Subdivisión general Administración-
Subdivisión de forma Historia-
-- Fuentes.
9 (RLIN) 8941
830 0# - PUNTO DE ACCESO ADICIONAL DE SERIE-TÍTULO UNIFORME
Título uniforme Publicaciones de la Revista de la Biblioteca, Archivo y Museo ;
Designación de volumen o secuencia 2
9 (RLIN) 226755
852 ## - LOCALIZACIÓN
Ubicación ES-MaACL
Número de control de estantería 1719-F-13
Holdings
Estatus retirado Estado de pérdida Estado de daño No para préstamo Colección Biblioteca de origen Biblioteca actual Ubicación en estantería Fecha de adquisición Fuente de adquisición Total de préstamos Signatura topográfica completa Código de barras Visto por última vez Precio de reemplazo Tipo de ítem Koha
        Colección de folletos Biblioteca del Ateneo de Madrid Biblioteca del Ateneo de Madrid Depósito folletos 17/01/2008     1719-F-13 1108995 23/02/2023 23/02/2023 Folleto